[Event "14. Bayer Open"]
[Site "Leverkusen"]
[Date "2016.02.22"]
[Round "4.4"]
[White "Goerke, Joachim"]
[Black "Marcziter, Dmitrii"]
[Result "0-1"]
[WhiteElo "1996"]
[BlackElo "2226"]
[PlyCount "57"]
[EventDate "2016.??.??"]
[WhiteTeam "SG Solingen"]
[BlackTeam "DJK Aufwärts Aachen"]

1. d4 d5 2. Nf3 c5 3. dxc5 Nc6 4. e4 e6 5. exd5 exd5 6. Be3 Nf6 7. c4 Be6 8.
Qa4 Nd7 9. Nc3 dxc4 10. Bxc4 Nxc5 11. Bxc5 Bxc5 12. Bxe6 fxe6 13. O-O O-O 14.
Rad1 Qe7 15. Qe4 Rae8 16. a3 a6 17. b4 Ba7 18. Rd3 Rf5 19. Rfd1 Ref8 20. Ne2
Qf6 21. Ng3 Rf4 22. Qe1 Qg6 23. Kh1 h5 24. h4 e5 25. Rd6 Qg4 26. R1d5 Rxf3 27.
gxf3 Qh3+ 28. Kg1 Qxg3+ 29. Kh1 0-1

[Event "14. Bayer Open"]
[Site "Leverkusen"]
[Date "2016.02.22"]
[Round "4.5"]
[White "Balduan, Markus"]
[Black "Maric, Boris"]
[Result "1-0"]
[WhiteElo "2228"]
[BlackElo "2015"]
[PlyCount "75"]
[EventDate "2016.??.??"]
[WhiteTeam "TV Witzhelden"]
[BlackTeam "SV Grünfeld"]

1. Nf3 Nf6 2. c4 e6 3. Nc3 d5 4. d4 Be7 5. Bg5 O-O 6. e3 Nbd7 7. cxd5 exd5 8.
Qc2 Re8 9. Bd3 c6 10. O-O h6 11. Bf4 Nh5 12. Nxd5 Nxf4 13. Nxf4 Bd6 14. Ne2 c5
15. Rfd1 Qe7 16. Bb5 Rd8 17. Rac1 b6 18. Ng3 Bxg3 19. hxg3 Bb7 20. Bxd7 Rxd7
21. dxc5 Rc7 22. Qf5 Bxf3 23. gxf3 Rac8 24. c6 g6 25. Qf4 Rxc6 26. Rxc6 Rxc6
27. Qxh6 Rc2 28. Qh3 Rxb2 29. Rd7 Qf6 30. Rc7 Rd2 31. Kg2 a5 32. Rb7 Kg7 33. g4
Rd8 34. Qg3 a4 35. Qc7 Rd6 36. Rb8 Qe6 37. a3 Rd2 38. Qc3+ 1-0

[Event "14. Bayer Open"]
[Site "Leverkusen"]
[Date "2016.02.22"]
[Round "4.6"]
[White "Krüger, Andre"]
[Black "Kniest, Oliver"]
[Result "0-1"]
[WhiteElo "2086"]
[BlackElo "2252"]
[PlyCount "50"]
[EventDate "2016.??.??"]
[WhiteTeam "SV Mülheim-Nord"]
[BlackTeam "SG Solingen"]

1. b3 e5 2. Bb2 Nc6 3. e3 d5 4. Bb5 Bd6 5. f4 Qh4+ 6. g3 Qe7 7. Nf3 f6 8. Nc3
Be6 9. Qe2 Nh6 10. fxe5 fxe5 11. e4 d4 12. Nd5 Qd7 13. c4 O-O 14. c5 Bxc5 15.
Nxe5 Qd6 16. Nc4 Qd8 17. Bxc6 bxc6 18. Nf4 Bg4 19. Qd3 Qe7 20. O-O g5 21. Ng2
Be2 22. Rxf8+ Rxf8 23. Qb1 d3+ 24. Nge3 Qxe4 25. Qc1 Nf5 0-1

[Event "14. Bayer Open"]
[Site "Leverkusen"]
[Date "2016.02.22"]
[Round "4.7"]
[White "Auer, Martin"]
[Black "Ramien, David"]
[Result "1/2-1/2"]
[WhiteElo "2170"]
[BlackElo "2054"]
[PlyCount "52"]
[EventDate "2016.??.??"]
[WhiteTeam "SG Solingen"]
[BlackTeam "SG Porz"]

1. f4 g6 2. Nf3 Bg7 3. g3 Nf6 4. Bg2 O-O 5. O-O d6 6. d3 c6 7. Nc3 Nbd7 8. e4
e5 9. h3 Qc7 10. f5 d5 11. g4 Rd8 12. Qe1 b5 13. a3 Ba6 14. fxg6 hxg6 15. Ng5
d4 16. Nd1 Rf8 17. Bd2 c5 18. Qg3 Qd6 19. Rf3 Rac8 20. Nf2 Qe7 21. Rf1 Rc6 22.
Qh4 Rb8 23. Nxf7 Qxf7 24. g5 Qe7 25. gxf6 Bxf6 26. Qg3 Bh4 1/2-1/2

[Event "14. Bayer Open"]
[Site "Leverkusen"]
[Date "2016.02.22"]
[Round "4.8"]
[White "Brinkmann, Sven"]
[Black "Mohaupt, Sascha"]
[Result "0-1"]
[WhiteElo "2000"]
[BlackElo "2184"]
[PlyCount "82"]
[EventDate "2016.??.??"]
[WhiteTeam "SF Köln-Mülheim"]
[BlackTeam "SV Wermelskirchen"]

1. e4 c5 2. Nc3 Nc6 3. g3 g6 4. Bg2 Bg7 5. d3 d6 6. Be3 e5 7. Qd2 Be6 8. Nge2
Nd4 9. O-O Ne7 10. Nd5 Nxd5 11. exd5 Bg4 12. Nxd4 cxd4 13. Bh6 O-O 14. Bxg7
Kxg7 15. h3 Bd7 16. c3 Qa5 17. b4 dxc3 18. Qxc3 Qb6 19. Rac1 Rac8 20. Qb2 Bf5
21. d4 Qxd4 22. Qxd4 exd4 23. g4 Bc2 24. f4 d3 25. Rf2 Rc4 26. a3 Rd4 27. Rcxc2
dxc2 28. Rxc2 Rxf4 29. Rc7 Rb8 30. Kh2 a5 31. Kg3 g5 32. h4 axb4 33. hxg5 Rd4
34. axb4 Rxb4 35. Rd7 b5 36. Rxd6 Rd4 37. Kf3 b4 38. Ke3 Rxg4 39. Be4 b3 40.
Rh6 Rxe4+ 41. Kxe4 b2 0-1

[Event "14. Bayer Open"]
[Site "Leverkusen"]
[Date "2016.02.22"]
[Round "4.9"]
[White "Heller, Achim"]
[Black "Reinemer, Frank"]
[Result "1-0"]
[WhiteElo "1907"]
[BlackElo "2111"]
[PlyCount "89"]
[EventDate "2016.??.??"]
[WhiteTeam "SG Ennepe-Ruhr-Süd"]
[BlackTeam "Langenfelder SF"]

1. d4 c5 2. d5 e5 3. c4 d6 4. Nc3 Be7 5. Nf3 Nf6 6. h3 O-O 7. e4 Ne8 8. Bd3 Nd7
9. g4 a6 10. a4 Rb8 11. Qe2 g6 12. Bh6 Ng7 13. Qd2 Nf6 14. Ng5 Kh8 15. Nf3 Ng8
16. Be3 f5 17. gxf5 gxf5 18. exf5 Bxf5 19. Ne4 b5 20. axb5 axb5 21. b3 bxc4 22.
bxc4 Rb4 23. Nfg5 Qb8 24. Rg1 Rb2 25. Qc1 Rb3 26. Rb1 Rxb1 27. Bxb1 Bxg5 28.
Rxg5 Bxh3 29. Ng3 Qb4+ 30. Bd2 Qb3 31. Be4 Nf6 32. Rxg7 Nxe4 33. Nxe4 Qf3 34.
Rxh7+ Kg8 35. Rxh3 Qxh3 36. Ng3 Qg2 37. Be3 Qg1+ 38. Nf1 Qg6 39. Ng3 Qd3 40.
Bh6 Rb8 41. Qg5+ Kf7 42. Qg7+ Ke8 43. Qf8+ Kd7 44. Qxb8 Qc3+ 45. Bd2 1-0

[Event "14. Bayer Open"]
[Site "Leverkusen"]
[Date "2016.02.22"]
[Round "4.10"]
[White "Keller, Karsten"]
[Black "Kuhn, Andreas"]
[Result "1/2-1/2"]
[WhiteElo "2118"]
[BlackElo "1831"]
[PlyCount "119"]
[EventDate "2016.??.??"]
[WhiteTeam "Langenfelder SF"]
[BlackTeam "SG Niederkassel"]

1. Nf3 Nf6 2. c4 g6 3. Nc3 Bg7 4. e4 d6 5. d4 O-O 6. Be2 e5 7. O-O Nbd7 8. Be3
Re8 9. d5 Nh5 10. g3 Bf8 11. Ne1 Ng7 12. Nd3 f5 13. f3 a5 14. Qd2 b6 15. b3 Nc5
16. Nxc5 bxc5 17. a3 Bd7 18. Rab1 Qf6 19. Nb5 Rec8 20. Bg5 Qf7 21. f4 exf4 22.
Qxf4 Be7 23. exf5 Bxg5 24. Qxg5 Bxb5 25. fxg6 Qxg6 26. Qxg6 hxg6 27. cxb5 a4
28. b4 cxb4 29. Rxb4 Nf5 30. Bg4 Rf8 31. Bxf5 Rxf5 32. Rxf5 gxf5 33. g4 fxg4
34. Rxg4+ Kf7 35. Rc4 Ra7 36. Kf2 Kf6 37. h4 Ke5 38. h5 Kxd5 39. Rh4 c5 40.
bxc6 Kxc6 41. h6 Rh7 42. Ke3 Kc5 43. Kf4 d5 44. Kg5 d4 45. Kg6 Rh8 46. Kg7 Rd8
47. h7 d3 48. h8=Q Rxh8 49. Rxh8 Kc4 50. Kf6 d2 51. Rd8 Kc3 52. Ke5 Kc2 53. Ke4
d1=Q 54. Rxd1 Kxd1 55. Kd3 Ke1 56. Ke3 Kd1 57. Kd4 Ke2 58. Kc4 Ke3 59. Kb4 Kd4
60. Kxa4 1/2-1/2

[Event "14. Bayer Open"]
[Site "Leverkusen"]
[Date "2016.02.22"]
[Round "4.11"]
[White "Kamphausen, Johannes-Dieter"]
[Black "Pejkovic, Patrick Slavko"]
[Result "0-1"]
[WhiteElo "1729"]
[BlackElo "2049"]
[PlyCount "56"]
[EventDate "2016.??.??"]
[WhiteTeam "SV Springer Hitdorf"]
[BlackTeam "Langenfelder SF"]

1. e4 e5 2. f4 d5 3. exd5 e4 4. d3 Nf6 5. dxe4 c6 6. Nc3 Bb4 7. Bd2 O-O 8. d6
Bxc3 9. Bxc3 Nxe4 10. Nf3 Re8 11. Be2 Qxd6 12. Qxd6 Nxd6 13. Be5 Nf5 14. Kf2
Nd7 15. Bc3 Nc5 16. Bd3 Nxd3+ 17. cxd3 Be6 18. Rhe1 Rad8 19. d4 f6 20. g4 Nd6
21. h3 Bd5 22. Nd2 Kf7 23. a3 b6 24. h4 Rxe1 25. Rxe1 h5 26. Kg3 hxg4 27. Kxg4
Be6+ 28. Kf3 Rh8 0-1

[Event "14. Bayer Open"]
[Site "Leverkusen"]
[Date "2016.02.22"]
[Round "4.12"]
[White "Ljuboschiz, Alexander"]
[Black "Schlenter, Rüdiger"]
[Result "1-0"]
[WhiteElo "2040"]
[BlackElo "1835"]
[PlyCount "77"]
[EventDate "2016.??.??"]
[WhiteTeam "SC Tornado Hochneukirch"]
[BlackTeam "SV Mülheim-Nord"]

1. e4 c5 2. Nf3 Nc6 3. d4 cxd4 4. Nxd4 g6 5. Nc3 Bg7 6. Nb3 Nf6 7. Be2 O-O 8.
O-O b6 9. f4 Bb7 10. Bf3 d6 11. Be3 Nd7 12. Qe2 a5 13. Rfd1 a4 14. Nd4 Nxd4 15.
Bxd4 Qc7 16. Bxg7 Kxg7 17. a3 Ra5 18. Qe3 Qc5 19. Qd4+ Qxd4+ 20. Rxd4 Nc5 21.
Rb4 b5 22. Re1 Rb8 23. Kf2 Bc6 24. e5 Bxf3 25. Kxf3 Na6 26. Rd4 b4 27. Nd5 dxe5
28. fxe5 bxa3 29. bxa3 e6 30. Nb4 Re8 31. Nxa6 Rxa6 32. c4 Rc6 33. Rc1 Rc5 34.
Ke4 Rb8 35. Rd7 Rbc8 36. Kd4 R8c7 37. Rxc7 Rxc7 38. c5 f6 39. c6 1-0

[Event "14. Bayer Open"]
[Site "Leverkusen"]
[Date "2016.02.22"]
[Round "4.13"]
[White "Boschek, Hans-Joachim"]
[Black "Werner, Michael"]
[Result "1/2-1/2"]
[WhiteElo "1791"]
[BlackElo "1966"]
[PlyCount "56"]
[EventDate "2016.??.??"]
[WhiteTeam "SG Solingen"]
[BlackTeam "Düsseldorfer SK"]

1. e4 c5 2. Nf3 e6 3. d4 cxd4 4. Nxd4 a6 5. Nc3 Qc7 6. g3 Nf6 7. Bg2 Nc6 8.
Nde2 Bc5 9. O-O O-O 10. Na4 Ba7 11. c4 d6 12. Nac3 Ne5 13. b3 Bd7 14. Bb2 Rfd8
15. Rc1 Rac8 16. h3 Qb8 17. Kh1 b5 18. cxb5 axb5 19. Nd4 b4 20. Nce2 Rxc1 21.
Bxc1 Nc6 22. Be3 Nxd4 23. Bxd4 Bc6 24. Bxf6 gxf6 25. Nf4 Qb5 26. Nh5 Qg5 27. h4
Qg6 28. Nf4 Qg7 1/2-1/2

[Event "14. Bayer Open"]
[Site "Leverkusen"]
[Date "2016.02.22"]
[Round "4.14"]
[White "Witte, Volker"]
[Black "Schulte-Lentz, Christian"]
[Result "0-1"]
[WhiteElo "1685"]
[BlackElo "2105"]
[PlyCount "70"]
[EventDate "2016.??.??"]
[WhiteTeam "SF Schlebusch"]
[BlackTeam "Langenfelder SF"]

1. d4 Nf6 2. c4 e6 3. Nc3 Bb4 4. e3 b6 5. Nf3 Bb7 6. Bd3 O-O 7. O-O d5 8. cxd5
exd5 9. Qc2 a6 10. a3 Bd6 11. b4 Re8 12. Bb2 Nbd7 13. Rac1 Ne4 14. b5 a5 15.
Ne2 Qe7 16. a4 Rac8 17. Ng3 g6 18. Qe2 h5 19. Rfe1 Kg7 20. Bxe4 dxe4 21. Nd2 h4
22. d5+ Be5 23. Bxe5+ Qxe5 24. Ngxe4 Bxd5 25. f3 c6 26. bxc6 Rxc6 27. Rxc6 Bxc6
28. Nc4 Qc7 29. Qb2+ f6 30. Ncd6 Re6 31. Nb5 Qe5 32. Qxe5 Rxe5 33. Nec3 Nc5 34.
f4 Re7 35. Kf2 Nd3+ 0-1

[Event "14. Bayer Open"]
[Site "Leverkusen"]
[Date "2016.02.22"]
[Round "4.15"]
[White "Pyrowicz, Jacek"]
[Black "Sockel, Karl-Heinz"]
[Result "0-1"]
[WhiteElo "1827"]
[BlackElo "1863"]
[PlyCount "76"]
[EventDate "2016.??.??"]
[WhiteTeam "SV Wermelskirchen"]
[BlackTeam "SC Bayer Leverkusen"]

1. Nf3 d6 2. g3 e5 3. e4 g6 4. Bg2 Bg7 5. c3 Nf6 6. Qc2 c6 7. O-O O-O 8. d4 Qc7
9. a4 a5 10. h3 h6 11. Be3 Be6 12. Na3 Nbd7 13. Rfd1 Rfe8 14. c4 exd4 15. Nxd4
Nc5 16. Nxe6 Rxe6 17. f3 Na6 18. Qd2 Kh7 19. Nc2 Rd8 20. Qf2 Nd7 21. Nd4 Re7
22. Rab1 Nac5 23. b3 Ne6 24. Nxe6 Rxe6 25. h4 c5 26. Rd5 Ne5 27. Bh3 Ree8 28.
f4 Nc6 29. e5 dxe5 30. Rxc5 exf4 31. Bxf4 Qe7 32. Rd5 Rxd5 33. cxd5 Bd4 34.
dxc6 Bxf2+ 35. Kxf2 Qc5+ 36. Kf1 Qxc6 37. Bg2 Qc2 38. Rc1 Qxb3 0-1

[Event "14. Bayer Open"]
[Site "Leverkusen"]
[Date "2016.02.22"]
[Round "4.16"]
[White "Kies, Werner"]
[Black "Liebsch, Felix"]
[Result "1/2-1/2"]
[WhiteElo "1861"]
[BlackElo "1758"]
[PlyCount "39"]
[EventDate "2016.??.??"]
[WhiteTeam "SC Bayer Leverkusen"]
[BlackTeam "SC Bayer Leverkusen"]

1. e4 e6 2. d4 d5 3. Nd2 Nf6 4. e5 Nfd7 5. Bd3 c5 6. c3 Nc6 7. Ne2 cxd4 8. cxd4
f6 9. exf6 Nxf6 10. O-O Bd6 11. Nf3 Qc7 12. h3 O-O 13. Be3 a6 14. Rc1 Bd7 15.
Bb1 Be8 16. a3 Bh5 17. Ng5 Rae8 18. g4 Bf7 19. f4 h6 20. Nf3 1/2-1/2

[Event "14. Bayer Open"]
[Site "Leverkusen"]
[Date "2016.02.22"]
[Round "4.17"]
[White "Weber, Olaf"]
[Black "Hendrichs, Udo"]
[Result "1-0"]
[WhiteElo "1863"]
[BlackElo "1940"]
[PlyCount "82"]
[EventDate "2016.??.??"]
[WhiteTeam "SF Lohmar"]
[BlackTeam "Langenfelder SF"]

1. d4 e6 2. c4 d5 3. Nf3 f5 4. e3 Nf6 5. Bd3 c6 6. O-O Bd6 7. b3 O-O 8. Ba3
Bxa3 9. Nxa3 Ne4 10. Qc1 Nd7 11. Nc2 Rf6 12. b4 Rh6 13. b5 g5 14. Ne5 g4 15. f3
Rxh2 16. g3 Rh3 17. fxe4 Nxe5 18. dxe5 dxe4 19. Be2 Rxg3+ 20. Kf2 Qh4 21. Ke1
Bd7 22. Kd2 Be8 23. Qe1 Qd8+ 24. Kc1 Rh3 25. Kb2 cxb5 26. Rd1 Qc7 27. Rd6 bxc4
28. Rxe6 Bg6 29. Qb4 b5 30. Re7 a5 31. Rxc7 axb4 32. Rd1 Rh2 33. Nd4 Rd8 34.
Kc1 b3 35. axb3 cxb3 36. Bxb5 b2+ 37. Kb1 f4 38. exf4 Rxd4 39. Rxd4 e3+ 40. Bd3
Bxd3+ 41. Rxd3 Rd2 1-0

[Event "14. Bayer Open"]
[Site "Leverkusen"]
[Date "2016.02.22"]
[Round "4.19"]
[White "Kesseler, Heiko"]
[Black "Linke, Michael"]
[Result "1-0"]
[WhiteElo "1993"]
[BlackElo "1792"]
[PlyCount "59"]
[EventDate "2016.??.??"]
[WhiteTeam "Elberfelder SG"]
[BlackTeam "Ford SF Köln"]

1. e4 e6 2. d4 d5 3. Nc3 dxe4 4. Nxe4 Nd7 5. Nf3 Ngf6 6. Bd3 c5 7. O-O cxd4 8.
Nxd4 Nxe4 9. Bxe4 Nf6 10. Bd3 Bc5 11. Nb3 Be7 12. Qf3 O-O 13. Rd1 Qc7 14. Bg5
h6 15. Bh4 Bd7 16. Nd4 Rac8 17. Re1 Rfe8 18. Rad1 a6 19. c4 Bc6 20. Nxc6 Qxc6
21. Qe2 Qc5 22. Bg3 Qh5 23. Be5 Qxe2 24. Bxe2 Bb4 25. Rf1 Ne4 26. a3 Ba5 27.
Rd4 Nf6 28. Bxf6 gxf6 29. b4 Rcd8 30. Rg4+ 1-0

[Event "14. Bayer Open"]
[Site "Leverkusen"]
[Date "2016.02.22"]
[Round "4.20"]
[White "Angermünde, Dirk"]
[Black "Kaspar, Uwe"]
[Result "1/2-1/2"]
[WhiteElo "1966"]
[BlackElo "1849"]
[PlyCount "120"]
[EventDate "2016.??.??"]
[WhiteTeam "SF Gerresheim"]
[BlackTeam "Düsseldorfer SK"]

1. e4 e5 2. Nf3 Nc6 3. d4 exd4 4. Nxd4 Bc5 5. Be3 Qf6 6. c3 Nge7 7. Be2 O-O 8.
O-O d6 9. Qd2 Qg6 10. Nxc6 Nxc6 11. Bxc5 dxc5 12. Qd5 Bh3 13. Bf3 Rad8 14. Qxc5
f5 15. Kh1 fxe4 16. Qc4+ Be6 17. Qxe4 Qxe4 18. Bxe4 Rxf2 19. Na3 Rxf1+ 20. Rxf1
Bxa2 21. c4 Ne5 22. Bd5+ Kh8 23. Bxb7 g6 24. h3 Nxc4 25. Nxc4 Bxc4 26. Rc1 Rb8
27. Bf3 Rb4 28. Rc3 a5 29. Kh2 Kg7 30. Bd1 c6 31. Bf3 Bd5 32. Bxd5 cxd5 33. Rc5
a4 34. Rxd5 Rxb2 35. Rd7+ Kf6 36. Ra7 Ra2 37. Rxh7 a3 38. Ra7 Ra1 39. Ra5 Ke6
40. h4 Kf6 41. Kg3 Ra2 42. Kf3 Ra1 43. Kg3 Ke6 44. Rg5 Kd6 45. Rxg6+ Kc5 46.
Ra6 Kb4 47. Ra8 Kb3 48. Rb8+ Ka2 49. Kf4 Rb1 50. Ra8 Rb4+ 51. Kf5 Kb3 52. Rxa3+
Kxa3 53. h5 Rb5+ 54. Kg6 Rb6+ 55. Kg5 Rb5+ 56. Kh4 Kb4 57. h6 Rb6 58. Kh5 Rb5+
59. Kg6 Rb6+ 60. Kh5 Rb5+ 1/2-1/2

[Event "14. Bayer Open"]
[Site "Leverkusen"]
[Date "2016.02.22"]
[Round "4.22"]
[White "Pützkaul, Karl"]
[Black "Baier, Uwe"]
[Result "0-1"]
[WhiteElo "1695"]
[BlackElo "1686"]
[PlyCount "82"]
[EventDate "2016.??.??"]
[WhiteTeam "SC Bayer Leverkusen"]
[BlackTeam "SF Schlebusch"]

1. e4 e5 2. Nf3 Nc6 3. Bb5 a6 4. Ba4 Nf6 5. O-O Be7 6. Re1 b5 7. Bb3 O-O 8. h3
d6 9. c3 Bb7 10. d4 Nd7 11. Nbd2 Na5 12. Bc2 c5 13. d5 Rc8 14. b3 Nb6 15. Nf1
Ba8 16. Ng3 Qd7 17. Nf5 Bf6 18. Bg5 Bxg5 19. Nxg5 g6 20. Nh6+ Kg7 21. Qd2 Nb7
22. Ng4 Nd8 23. Nf3 Qe7 24. Qh6+ Kh8 25. h4 (25. Nf6 $3 Qxf6 26. Qxf8#) 25...
f5 26. exf5 gxf5 27. Ne3 e4 28. Ng5 Rf6 29. Qh5 Nxd5 30. Nxd5 Bxd5 31. Rad1 Bb7
32. Nh3 Ne6 33. f3 Rg8 34. fxe4 Qg7 35. Rd2 Qg3 36. Qe2 Qxh3 37. Qf2 Rfg6 38.
Ree2 Rxg2+ 39. Qxg2 Rxg2+ 40. Rxg2 fxe4 41. Rxd6 e3 0-1

[Event "14. Bayer Open"]
[Site "Leverkusen"]
[Date "2016.02.22"]
[Round "4.23"]
[White "Skiber, Friedel"]
[Black "Schmuck, Markus"]
[Result "0-1"]
[WhiteElo "1499"]
[BlackElo "1931"]
[PlyCount "86"]
[EventDate "2016.??.??"]
[WhiteTeam "SG Solingen"]
[BlackTeam "vereinlos"]

1. e4 d6 2. Nc3 Nf6 3. Bc4 g6 4. d3 Bg7 5. f4 c5 6. Nf3 Nc6 7. O-O O-O 8. Qe1
Nd4 9. Nxd4 cxd4 10. Ne2 d5 11. e5 dxc4 12. exf6 Bxf6 13. dxc4 d3 14. Nc3 Qd4+
15. Kh1 Qxc4 16. cxd3 Qxd3 17. Rf3 Qd8 18. Be3 Bg4 19. Rf2 Qa5 20. Bd2 Bd4 21.
Rf1 Qd8 22. Qg3 Bf5 23. Rad1 Bg7 24. Bc1 Qa5 25. Nd5 Rae8 26. a3 e6 27. Ne3 Rd8
28. b4 Qb5 29. Rde1 Rd3 30. Qf3 Bc3 31. Re2 Bd4 32. g4 Bxg4 33. Qxg4 Bxe3 34.
Bb2 Bd4 35. Bc1 Qd5+ 36. Rg2 Rc8 37. Qe2 Rdc3 38. Bd2 Rc2 39. Rd1 Bc3 40. h4
Bxd2 41. Rxd2 Rxd2 42. Qxd2 Qxd2 43. Rxd2 Rc3 0-1

[Event "14. Bayer Open"]
[Site "Leverkusen"]
[Date "2016.02.22"]
[Round "4.24"]
[White "Hennig, Edgar Paul"]
[Black "Gnass, Arno"]
[Result "1-0"]
[WhiteElo "1872"]
[BlackElo "1629"]
[PlyCount "129"]
[EventDate "2016.??.??"]
[WhiteTeam "Satranç Club"]
[BlackTeam "Bergische SF"]

1. e4 c6 2. d4 d5 3. exd5 cxd5 4. Bd3 Nc6 5. c3 Nf6 6. Bf4 Bg4 7. Qb3 Qd7 8.
Nd2 e6 9. Ngf3 Bxf3 10. Nxf3 Bd6 11. Ne5 Qc7 12. Bg3 O-O 13. Nxc6 bxc6 14. Qc2
e5 15. dxe5 Bxe5 16. O-O Bxg3 17. hxg3 Rfe8 18. Rfe1 Qd6 19. Qa4 Qc5 20. Kf1 h5
21. Qc2 Qd6 22. Rxe8+ Rxe8 23. Re1 Rxe1+ 24. Kxe1 h4 25. gxh4 Qh2 26. g3 Ng4
27. Qe2 Qg1+ 28. Qf1 Qh2 29. Bf5 Ne5 30. Qe2 f6 31. Kd2 g6 32. Bd3 Qh1 33. f4
Nf3+ 34. Kc2 Ne1+ 35. Kb3 Nxd3 36. Qxd3 f5 37. Qa6 Qd1+ 38. Ka3 Qf3 39. Qxc6
Qxg3 40. Qxd5+ Kg7 41. Qe5+ Kh7 42. Qe7+ Kg8 43. Qg5 Qd3 44. Qxg6+ Kh8 45. h5
Qd5 46. b4 a5 47. Qf6+ Kh7 48. Qg6+ Kh8 49. Qg3 axb4+ 50. cxb4 Qa8+ 51. Kb2 Qe4
52. h6 Qxb4+ 53. Qb3 Qd2+ 54. Ka1 Kh7 55. Qf7+ Kxh6 56. Qf6+ Kh7 57. Qxf5+ Kg8
58. Qe6+ Kh7 59. Qc4 Kg6 60. a4 Kf5 61. Kb1 Qxf4 62. Qxf4+ Kxf4 63. a5 Ke5 64.
a6 Kd6 65. a7 1-0

[Event "14. Bayer Open"]
[Site "Leverkusen"]
[Date "2016.02.22"]
[Round "4.26"]
[White "Reif, Frank"]
[Black "Haverkamp, Klaus"]
[Result "1-0"]
[WhiteElo "1775"]
[BlackElo "1927"]
[PlyCount "63"]
[EventDate "2016.??.??"]
[WhiteTeam "TV Witzhelden"]
[BlackTeam "SV Herzogenrath"]

1. e4 e5 2. Nf3 Nc6 3. d4 exd4 4. Nxd4 Nf6 5. Nxc6 bxc6 6. e5 Qe7 7. Qe2 Nd5 8.
c4 Ba6 9. b3 g5 10. g3 Bg7 11. Bb2 O-O-O 12. Bh3 Rde8 13. O-O Rhg8 14. Re1 Kb8
15. Nd2 Nb6 16. Nf1 d6 17. Qe4 Bxe5 18. Bxe5 dxe5 19. Qxc6 Rg6 20. Qe4 Bb7 21.
Qe2 Qc5 22. Ne3 Rd8 23. Rad1 Rgd6 24. Rxd6 Rxd6 25. Rd1 Rxd1+ 26. Qxd1 Qd4 27.
Bf5 h6 28. h3 a5 29. Qxd4 exd4 30. Ng4 h5 31. Nh6 Bc8 32. Bxc8 {
Restliche Notation unklar.} 1-0

[Event "14. Bayer Open"]
[Site "Leverkusen"]
[Date "2016.02.22"]
[Round "4.27"]
[White "Wirtz, Uwe"]
[Black "Gülden, Ralf"]
[Result "1-0"]
[WhiteElo "1850"]
[BlackElo "1564"]
[PlyCount "51"]
[EventDate "2016.??.??"]
[WhiteTeam "Königsspringer Leverkusen"]
[BlackTeam "Königsspringer Leverkusen"]

1. e4 c5 2. c3 d6 3. d4 cxd4 4. cxd4 g6 5. Nc3 Bg7 6. Be3 a6 7. Nf3 Nf6 8. h3
O-O 9. Be2 b5 10. e5 Ne8 11. O-O Bb7 12. Rc1 Nc7 13. Qb3 Nc6 14. Rfd1 Na5 15.
Qa3 Nc6 16. exd6 exd6 17. d5 Ne5 18. Bb6 Rc8 19. Ne4 Nxf3+ 20. Bxf3 Be5 21. Qa5
f5 22. Rxc7 Rxc7 23. Bxc7 Qc8 24. Nxd6 Bxd6 25. Bxd6 Re8 26. Qc7 1-0

[Event "14. Bayer Open"]
[Site "Leverkusen"]
[Date "2016.02.22"]
[Round "4.28"]
[White "Hegmann, Werner"]
[Black "Schimpf, Rolf"]
[Result "1/2-1/2"]
[WhiteElo "1551"]
[BlackElo "1702"]
[PlyCount "99"]
[EventDate "2016.??.??"]
[WhiteTeam "SV Opladen"]
[BlackTeam "SC Bayer Leverkusen"]

1. e4 c5 2. c4 e6 3. Nc3 Ne7 4. g3 d5 5. exd5 exd5 6. cxd5 Nxd5 7. Bb5+ Nc6 8.
Nxd5 Qxd5 9. Qf3 Qe6+ 10. Qe3 Qxe3+ 11. dxe3 Bd7 12. Nf3 a6 13. Bf1 Be7 14. Bd2
Bf6 15. Bc3 Bxc3+ 16. bxc3 Bg4 17. Bg2 O-O-O 18. O-O Bxf3 19. Bxf3 Ne5 20. Kg2
Rd3 21. Rfc1 Kc7 22. c4 Rhd8 23. Rc2 Rd2 24. Rac1 Nxf3 25. Kxf3 Rxc2 26. Rxc2
Kc6 27. Ke2 b5 28. h4 b4 29. f4 f5 30. h5 a5 31. e4 fxe4 32. Ke3 Rd3+ 33. Kxe4
Rxg3 34. Kf5 g6+ 35. hxg6 hxg6+ 36. Kf6 Rc3 37. Rf2 Rxc4 38. Kxg6 a4 39. f5
Rg4+ 40. Kh7 b3 41. axb3 axb3 42. f6 Rd4 43. f7 Rd8 44. f8=Q Rxf8 45. Rxf8 c4
46. Rb8 Kc5 47. Kg6 Kd4 48. Kf5 Kc3 49. Ke4 b2 50. Kd5 1/2-1/2

[Event "14. Bayer Open"]
[Site "Leverkusen"]
[Date "2016.02.22"]
[Round "4.32"]
[White "Holz, Peter"]
[Black "Blumenthal, Ralf"]
[Result "0-1"]
[WhiteElo "1306"]
[BlackElo "1813"]
[PlyCount "62"]
[EventDate "2016.??.??"]
[WhiteTeam "Pulheimer SC"]
[BlackTeam "SK Turm Euskirchen"]

1. e4 c5 2. Nf3 e6 3. d4 cxd4 4. Qxd4 Nc6 5. Qd1 Nf6 6. Bd3 Bc5 7. Bg5 Qb6 8.
Bh4 Qxb2 9. Nbd2 Qb6 10. Rb1 Qc7 11. O-O Be7 12. Bg3 d6 13. Nc4 e5 14. Ne3 O-O
15. Nd5 Nxd5 16. exd5 Na5 17. Nd2 f5 18. f4 e4 19. Bb5 a6 20. Ba4 Qc5+ 21. Bf2
e3 22. Nb3 exf2+ 23. Rxf2 Nxb3 24. Bxb3 Bf6 25. Kf1 b5 26. Qd3 Bd7 27. c4 Rab8
28. Rc2 bxc4 29. Rxc4 Bb5 30. Rbc1 Qa3 31. Qxf5 Qxc1+ 0-1

[Event "14. Bayer Open"]
[Site "Leverkusen"]
[Date "2016.02.22"]
[Round "4.33"]
[White "Mentzel, Markus"]
[Black "Kronseder, Michael"]
[Result "1/2-1/2"]
[WhiteElo "1838"]
[BlackElo "1685"]
[PlyCount "39"]
[EventDate "2016.??.??"]
[WhiteTeam "SG Solingen"]
[BlackTeam "SV Hürth-Berrenrath"]

1. d4 c5 2. d5 Nf6 3. Nc3 d6 4. e4 g6 5. Nf3 Bg7 6. Bb5+ Bd7 7. a4 O-O 8. h3
Na6 9. O-O Nc7 10. Re1 Nxb5 11. axb5 Qb6 12. Qe2 Rfc8 13. Nd2 c4 14. Nxc4 Qc5
15. Na3 Nh5 16. Bd2 f5 17. Na4 Qc7 18. Bc3 fxe4 19. Qxe4 Nf6 20. Qd3 1/2-1/2

[Event "14. Bayer Open"]
[Site "Leverkusen"]
[Date "2016.02.22"]
[Round "4.34"]
[White "Axmann, Michael"]
[Black "Prößdorf, Lennard"]
[Result "0-1"]
[WhiteElo "1741"]
[BlackElo "1530"]
[PlyCount "78"]
[EventDate "2016.??.??"]
[WhiteTeam "SC Bayer Leverkusen"]
[BlackTeam "SC Bayer Leverkusen"]

1. d4 Nf6 2. Nf3 g6 3. e3 Bg7 4. Nbd2 O-O 5. c3 d6 6. Be2 Nbd7 7. O-O e5 8. e4
h6 9. Qc2 Ne8 10. Bc4 Qe7 11. Re1 Nb6 12. Bb3 Be6 13. d5 Bd7 14. a4 f5 15. a5
Nc8 16. Nf1 f4 17. g3 fxg3 18. Re3 gxf2+ 19. Qxf2 g5 20. Qg2 g4 21. Ne1 Qf7 22.
c4 Ne7 23. Bd1 Ng6 24. Rg3 h5 25. Ne3 Nf6 26. Nd3 Nf4 27. Qf1 Nxe4 28. Ra3 Nxg3
29. hxg3 Nxd3 30. Qxf7+ Rxf7 31. Rxd3 Bh6 32. b4 Bxe3+ 33. Bxe3 Bf5 34. Rc3 Be4
35. Rc1 Bf3 36. Bb3 Kg7 37. c5 Be4 38. Bf2 Raf8 39. cxd6 Rxf2 0-1

[Event "14. Bayer Open"]
[Site "Leverkusen"]
[Date "2016.02.22"]
[Round "4.35"]
[White "Stenzel, Michael"]
[Black "Maczkowiak, Thomas"]
[Result "1/2-1/2"]
[WhiteElo "1550"]
[BlackElo "1773"]
[PlyCount "34"]
[EventDate "2016.??.??"]
[WhiteTeam "TV Witzhelden"]
[BlackTeam "MS Halver-Schalksmühle"]

1. e4 c6 2. d4 d5 3. exd5 cxd5 4. c4 Nf6 5. Nc3 e6 6. Nf3 Bb4 7. Bd2 O-O 8. a3
Bxc3 9. bxc3 Qc7 10. Qb3 b6 11. cxd5 exd5 12. Be2 Nc6 13. O-O Na5 14. Qb2 Bg4
15. Rac1 Bxf3 16. gxf3 Nc4 17. Bxc4 Qxc4 1/2-1/2

[Event "14. Bayer Open"]
[Site "Leverkusen"]
[Date "2016.02.22"]
[Round "4.36"]
[White "Müller, Horst"]
[Black "Alexopoulos, Spiros Orestis"]
[Result "0-1"]
[WhiteElo "1487"]
[BlackElo "1859"]
[PlyCount "46"]
[EventDate "2016.??.??"]
[WhiteTeam "SV Springer Hitdorf"]
[BlackTeam "Aachener SV"]

1. c4 c5 2. Nc3 Nc6 3. Nf3 e5 4. d3 g6 5. g3 Bg7 6. Bg2 Nge7 7. e4 O-O 8. O-O
d6 9. Ne1 f5 10. f4 Be6 11. Nd5 Bxd5 12. exd5 Nd4 13. Rb1 Qa5 14. a3 b5 15. b4
cxb4 16. axb4 Qb6 17. Kh1 bxc4 18. dxc4 Rac8 19. c5 dxc5 20. bxc5 Qxb1 21. c6
e4 22. Rf2 Nxd5 23. Rb2 Qa1 0-1